000 00229 a2200097 4500
001 14544
100 _aFaruki K.A
245 _aThe constitutional legal role of the umma
260 _aKarachi
_bMa' aref
_c
090 _c11373
_d11373
942 _aNUST-CAE
_cM
_c1529
999 _c249617
_d249617